PSE - Sudden Death - Statistiken

Allgemein
  • Dieses Quiz wurde 1.991 mal gespielt
  • Das Durchschnittsergebnis liegt bei 15 aus 20
Answers on the Grid
Answers color-coded by a green-red scale on the quiz's grid according to % correct below.
Aetherium
Beryllium
Bismut
Blei
Caesium
Crysalon
Fermium
Ferroxen
Francium
Gold
Kalium
Kohlenstoff
Lithium
Lutetium
Napoleum
Nautron
Nexalium
Niobium
Osmium
Palladium
Phosphor
Plasmonium
Polonium
Quarxium
Quecksilber
Rhenium
Tantal
Vortan
Xenon
Zyphonium
 
Antwortstatistiken
Antwort % Korrekt
Blei
97%
Gold
97%
Kohlenstoff
97%
Lithium
97%
Kalium
96%
Phosphor
92%
Quecksilber
91%
Beryllium
90%
Xenon
88%
Caesium
87%
Bismut
78%
Palladium
74%
Francium
73%
Polonium
73%
Osmium
67%
Tantal
59%
Fermium
57%
Rhenium
50%
Niobium
42%
Lutetium
41%
Keine übereinstimmenden Quizze gefunden
Verteilung der Resultate
Anzahl Personen mit jedem Resultat
Perzentil nach korrekt beantworteten Fragen
Ihre Resultats-Entwicklung
Sie haben dieses Quiz noch nicht gespielt